| 000 | 00978nam a2200289 i 4500 | ||
|---|---|---|---|
| 001 | 102666 | ||
| 003 | ES-MaACL | ||
| 005 | 20230906183144.0 | ||
| 007 | t| | ||
| 008 | 051124s1988 pr ||||1| spa d | ||
| 080 | _a39(729.5) | ||
| 080 | _a821.134.2(729.5)-4"18" | ||
| 100 | 1 |
_aAlonso, Manuel A. _920228 |
|
| 245 | 1 | 3 |
_aEl jíbaro _b: cuadro de costumbres de la isla de Puerto Rico / _cManuel [A.] Alonso. |
| 250 | _aEd. facs. | ||
| 260 |
_aSan Juan de Puerto Rico : _bInstituto de Cultura Puertorriqueña, _c1988. |
||
| 300 |
_a204 p. : _bil. ; _c19 cm. |
||
| 490 | 1 | _aBiblioteca popular | |
| 500 | _aRepr. facs. de la ed. de: Barcelona : Juan Oliveres, 1849. | ||
| 651 | 4 |
_aPuerto Rico- _xUsos y costumbres. _99293 |
|
| 655 | 7 |
_2tgfbne _9226495 _aFacsímiles |
|
| 710 | 2 |
_aInstituto de Cultura Puertorriqueña. _94858 |
|
| 830 | 0 |
_aBiblioteca popular _9181768 |
|
| 852 |
_aES-MaACL _jE-11156 _bR.136871 |
||
| 942 | _2udc | ||
| 999 |
_c102666 _d102666 |
||